| 000 | 00000cam 2200000zi 4500 |
| 001 | 9.923519 |
| 003 | CaOODSP |
| 005 | 20260514081133 |
| 006 | m o d f |
| 007 | cr cn||||||||| |
| 008 | 230605t19801980onc ob f000 0 eng d |
| 020 | |z0662909372 |
| 040 | |aCaOODSP|beng|erda|cCaOODSP |
| 043 | |an-cn--- |
| 086 | 1 |aRG44-1/4E-PDF|zRG44-1/4F |
| 100 | 1 |aTorno, Barry, |eauthor. |
| 245 | 10|aTerm of copyright protection in Canada : |bpresent and proposed / |cBarry Torno. |
| 264 | 1|a[Ottawa] : |bResearch & International Affairs Branch, Bureau of Corporate Affairs, Consumer & Corporate Affairs Canada, |c[1980] |
| 264 | 4|c©1980 |
| 300 | |a1 online ressource (42 pages). |
| 336 | |atext|btxt|2rdacontent |
| 337 | |acomputer|bc|2rdamedia |
| 338 | |aonline resource|bcr|2rdacarrier |
| 490 | 1 |aCopyright revision studies |
| 500 | |aIssued also in French under title: Durée de la protection en matière de droit d'auteur au Canada : situation actuelle et propositions de réforme. |
| 500 | |aDigitized edition from print [produced by Innovation, Science and Economic Development Canada]. |
| 504 | |aIncludes bibliographical references (pages [41]-42). |
| 520 | |a"The paper is divided into three principal sections. The first examines the provisions of the present Copyright Act which pertain to duration of copyright protection. Two classes of works are discussed -- anonymous and pseudonymous works -- for which it appears that the Act fails to contain any provisions. The second section addresses Canada's obligations with respect to the establishment of terms of copyright protection which arise by virtue of Canadian membership in the two principle multilateral copyright treaties: the Berne Convention for the Protection of Literary and Artistic Works and the Universal Copyright Convention. The final section offers recommendations on the most appropriate terms of copyright protection for the various categories of works discussed. …"--Executive summary. |
| 650 | 0|aCopyright|zCanada. |
| 650 | 0|aCopyright|xDuration|zCanada. |
| 710 | 1 |aCanada. |bBureau of Corporate Affairs. |bResearch and International Affairs Branch, |eissuing body. |
| 775 | 08|tDurée de la protection en matière de droit d'auteur au Canada : |w(CaOODSP)9.962781 |
| 830 | #0|aCopyright revision studies.|w(CaOODSP)9.898779 |
| 856 | 40|qPDF|s1.21 MB|uhttps://publications.gc.ca/collections/collection_2023/isde-ised/RG44-1-4-eng.pdf |